Flora taxonómica mexicana (plantas vasculares) (Record no. 10796)
[ view plain ]
| 000 -CABECERA | |
|---|---|
| campo de control de longitud fija | 02351cam a22005057a 4500 |
| 003 - IDENTIFICADOR DEL NÚMERO DE CONTROL | |
| campo de control | CHAP |
| 005 - FECHA Y HORA DE LA ÚLTIMA TRANSACCIÓN | |
| campo de control | 20220329133759.0 |
| 008 - DATOS DE LONGITUD FIJA--INFORMACIÓN GENERAL | |
| campo de control de longitud fija | 971013s1981 mx r 00010 spa d |
| 010 ## - NÚMERO DE CONTROL DE LA BIBLIOTECA DEL CONGRESO | |
| Número de control de LC | 10796 |
| 011 ## - ENLACE DEL NUMERO DE CONTROL DE LA BIBLIOTECA DEL CONGRESO [OBSOLETO] | |
| Número de control de LC | 11768 |
| 035 ## - NÚMERO DE CONTROL DEL SISTEMA | |
| Número de control de sistema | 11076 |
| 040 ## - FUENTE DE LA CATALOGACIÓN | |
| Centro/agencia transcriptor | CHAP |
| 082 ## - NÚMERO DE LA CLASIFICACIÓN DECIMAL DEWEY | |
| Número de clasificación | 580.12 |
| Número de documento/Ítem | C6 1981 |
| 100 00 - ENTRADA PRINCIPAL--NOMBRE DE PERSONA | |
| Nombre de persona | Conzatti, Cassiano. |
| 9 (RLIN) | 27674 |
| 245 10 - MENCIÓN DE TÍTULO | |
| Título | Flora taxonómica mexicana (plantas vasculares) |
| Mención de responsabilidad, etc. | /por Casiano Conzatti |
| 250 ## - MENCIÓN DE EDICIÓN | |
| Mención de edición | 3 ed |
| 260 ## - PUBLICACIÓN, DISTRIBUCIÓN, ETC. | |
| Lugar de publicación, distribución, etc. | México : |
| Nombre del editor, distribuidor, etc. | IPN., |
| Fecha de publicación, distribución, etc. | 1981 |
| 300 ## - DESCRIPCIÓN FÍSICA | |
| Extensión | 2 v. |
| 505 ## - NOTA DE CONTENIDO CON FORMATO | |
| Nota de contenido con formato | Contenido: v.1 Clave analítica de familias; pteridofitas o helechos; monocotiledoneas monaperiantadas. -- v.2 Monocotiledoneas, Deperiantadas-Superiovaricas e inferovarias |
| 590 ## - NOTA LOCAL (RLIN) | |
| Nota local | BATCH-UPD |
| Procedencia (VM) [OBSOLETO] | 10 |
| Condición del los carretes individuales (VM) [OBSOLETO] | 20130110 |
| -- | UCH01 |
| -- | 0226 |
| 590 ## - NOTA LOCAL (RLIN) | |
| Nota local | BATCH-UPD |
| Procedencia (VM) [OBSOLETO] | 10 |
| Condición del los carretes individuales (VM) [OBSOLETO] | 20130110 |
| -- | UCH01 |
| -- | 1041 |
| 590 ## - NOTA LOCAL (RLIN) | |
| Nota local | BATCH-UPD |
| Procedencia (VM) [OBSOLETO] | 10 |
| Condición del los carretes individuales (VM) [OBSOLETO] | 20130409 |
| -- | UCH01 |
| -- | 2248 |
| 590 ## - NOTA LOCAL (RLIN) | |
| Nota local | BATCH-UPD |
| Procedencia (VM) [OBSOLETO] | 10 |
| Condición del los carretes individuales (VM) [OBSOLETO] | 20130410 |
| -- | UCH01 |
| -- | 1413 |
| 590 ## - NOTA LOCAL (RLIN) | |
| Nota local | BATCH-UPD |
| Procedencia (VM) [OBSOLETO] | 10 |
| Condición del los carretes individuales (VM) [OBSOLETO] | 20130914 |
| -- | UCH01 |
| -- | 0727 |
| 590 ## - NOTA LOCAL (RLIN) | |
| Nota local | CONVERSION |
| Procedencia (VM) [OBSOLETO] | 10 |
| Condición del los carretes individuales (VM) [OBSOLETO] | 20130109 |
| -- | UCH01 |
| -- | 1307 |
| 650 14 - PUNTO DE ACCESO ADICIONAL DE MATERIA--TÉRMINO DE MATERIA | |
| Término de materia o nombre geográfico como elemento de entrada | Botánica |
| Subdivisión general | Clasificación. |
| 9 (RLIN) | 14516 |
| 650 14 - PUNTO DE ACCESO ADICIONAL DE MATERIA--TÉRMINO DE MATERIA | |
| Término de materia o nombre geográfico como elemento de entrada | Botánica |
| Subdivisión geográfica | México. |
| 9 (RLIN) | 14641 |
| 650 14 - PUNTO DE ACCESO ADICIONAL DE MATERIA--TÉRMINO DE MATERIA | |
| Término de materia o nombre geográfico como elemento de entrada | Tracheophyta. |
| 9 (RLIN) | 114572 |
| 710 0# - PUNTO DE ACCESO ADICIONAL--NOMBRE DE ENTIDAD CORPORATIVA | |
| Nombre de entidad corporativa o nombre de jurisdicción como elemento de entrada | Centro Nacional de Enseñanza Técnica Industrial. Guadalajara, Jal. |
| 9 (RLIN) | 21230 |
| 901 ## - ELEMENTOS DE DATOS A LOCAL LDA (RLIN) | |
| a | BK |
| 942 ## - ELEMENTOS DE PUNTO DE ACCESO ADICIONAL (KOHA) | |
| Tipo de ítem Koha | Libro |
| 949 ## - PROCESAMIENTO DE INFORMACIÓN LOCAL (OCLC) | |
| a | 580.12 C6 1981 |
| b | BC |
| c | C |
| d | 33724000517603 |
| e | C |
| f | v.1 c.4 |
| h | 62651 |
| i | 11076 |
| s | i |
| 949 ## - PROCESAMIENTO DE INFORMACIÓN LOCAL (OCLC) | |
| a | 580.12 C6 1981 |
| b | BC |
| c | C |
| d | 33724000517611 |
| e | C |
| f | v.2 c.2 |
| h | 62648 |
| i | 11076 |
| s | i |
| 949 ## - PROCESAMIENTO DE INFORMACIÓN LOCAL (OCLC) | |
| a | 580.12 C6 1981 |
| b | BC |
| c | C |
| d | 33724000517629 |
| e | C |
| f | v.2 c.5 |
| h | 62654 |
| i | 11076 |
| s | i |
| 949 ## - PROCESAMIENTO DE INFORMACIÓN LOCAL (OCLC) | |
| a | 580.12 C6 1981 |
| b | BC |
| c | C |
| d | 33724000517652 |
| e | C |
| f | v.2 c.3 |
| h | 62650 |
| i | 11076 |
| s | i |
| 949 ## - PROCESAMIENTO DE INFORMACIÓN LOCAL (OCLC) | |
| a | 580.12 C6 1981 |
| b | BC |
| c | C |
| d | 33724000531489 |
| e | C |
| f | v.2 c.4 |
| h | 62652 |
| i | 11076 |
| s | i |
| 949 ## - PROCESAMIENTO DE INFORMACIÓN LOCAL (OCLC) | |
| a | 580.12 C6 1981 |
| b | BC |
| c | C |
| d | 33724000632550 |
| e | C |
| f | v.1 c.6 |
| h | 92021 |
| i | 11076 |
| s | b |
| 949 ## - PROCESAMIENTO DE INFORMACIÓN LOCAL (OCLC) | |
| a | 580.12 C6 1981 |
| b | BC |
| c | C |
| d | 33724000804746 |
| e | C |
| f | v.2 |
| h | 62646 |
| i | 11076 |
| s | b |
| 949 ## - PROCESAMIENTO DE INFORMACIÓN LOCAL (OCLC) | |
| a | 580.12 C6 1981 |
| b | BC |
| c | C |
| d | 33724000826582 |
| e | C |
| f | v.1 |
| h | 62645 |
| i | 11076 |
| s | b |
| 949 ## - PROCESAMIENTO DE INFORMACIÓN LOCAL (OCLC) | |
| a | 580.12 C6 1981 |
| b | BC |
| c | C |
| d | 33724000900775 |
| e | C |
| f | v.1 c.3 |
| h | 62649 |
| i | 11076 |
| s | i |
| 949 ## - PROCESAMIENTO DE INFORMACIÓN LOCAL (OCLC) | |
| a | 580.12 C6 1981 |
| b | BC |
| c | C |
| d | 33724000900833 |
| e | C |
| f | v.1 c.2 |
| h | 62647 |
| i | 11076 |
| s | i |
| 949 ## - PROCESAMIENTO DE INFORMACIÓN LOCAL (OCLC) | |
| a | 580.12 C6 1981 |
| b | BC |
| c | C |
| d | 33724000901427 |
| e | C |
| f | v.1 c.5 |
| h | 62653 |
| i | 11076 |
| s | i |
| 949 ## - PROCESAMIENTO DE INFORMACIÓN LOCAL (OCLC) | |
| a | 580.12 C6 1981 |
| b | BC |
| c | C |
| d | 33724002238644 |
| e | C |
| f | v.1 c.7 |
| g | DonaciØn |
| h | 114360 |
| i | 11076 |
| s | b |
| 949 ## - PROCESAMIENTO DE INFORMACIÓN LOCAL (OCLC) | |
| a | 580.12 C6 1981 |
| b | BC |
| c | C |
| d | 33724002257983 |
| e | C |
| f | v.2 c.6 |
| g | DonaciØn |
| h | 114834 |
| i | 11076 |
| s | b |
| Estado de retiro | Estado de pérdida | Fuente del sistema de clasificación o colocación | Estado dañado | Restricciones de uso | No para préstamo | Código de colección | Localización permanente | Ubicación/localización actual | Ubicación en estantería | Fecha de adquisición | Fuente de adquisición | Información codificada de la localización en otra ubicación | Total de préstamos | Signatura topográfica completa | Código de barras | Fecha visto por última vez | Número de copia | Precio válido a partir de | Tipo de ítem Koha |
|---|---|---|---|---|---|---|---|---|---|---|---|---|---|---|---|---|---|---|---|
| Dewey Decimal Classification | Préstamo interno | Consulta | Biblioteca Central | Biblioteca Central | Planta alta - Coleción Consulta | 31/12/2019 | Donacion | LIBRO | 580.12 C6 1981 | 33724000517603 | 31/12/2019 | v.1 c.4 | 31/12/2019 | Libro | |||||
| Dewey Decimal Classification | Préstamo interno | Consulta | Biblioteca Central | Biblioteca Central | Planta alta - Coleción Consulta | 31/12/2019 | Donacion | LIBRO | 580.12 C6 1981 | 33724000517611 | 31/12/2019 | v.2 c.2 | 31/12/2019 | Libro | |||||
| Dewey Decimal Classification | Préstamo interno | Consulta | Biblioteca Central | Biblioteca Central | Planta alta - Coleción Consulta | 31/12/2019 | LIBRO | 580.12 C6 1981 | 33724000517629 | 31/12/2019 | v.2 c.5 | 31/12/2019 | Libro | ||||||
| Dewey Decimal Classification | Préstamo interno | Consulta | Biblioteca Central | Biblioteca Central | Planta alta - Coleción Consulta | 31/12/2019 | LIBRO | 580.12 C6 1981 | 33724000517652 | 31/12/2019 | v.2 c.3 | 31/12/2019 | Libro | ||||||
| Dewey Decimal Classification | Préstamo interno | Consulta | Biblioteca Central | Biblioteca Central | Planta alta - Coleción Consulta | 31/12/2019 | LIBRO | 580.12 C6 1981 | 33724000531489 | 31/12/2019 | v.2 c.4 | 31/12/2019 | Libro | ||||||
| Dewey Decimal Classification | Préstamo interno | Consulta | Biblioteca Central | Biblioteca Central | Planta alta - Coleción Consulta | 31/12/2019 | LIBRO | 580.12 C6 1981 | 33724000632550 | 31/12/2019 | v.1 c.6 | 31/12/2019 | Libro | ||||||
| Dewey Decimal Classification | Préstamo interno | Consulta | Biblioteca Central | Biblioteca Central | Planta alta - Coleción Consulta | 31/12/2019 | LIBRO | 580.12 C6 1981 | 33724000804746 | 31/12/2019 | v.2 | 31/12/2019 | Libro | ||||||
| Dewey Decimal Classification | Préstamo interno | Consulta | Biblioteca Central | Biblioteca Central | Planta alta - Coleción Consulta | 31/12/2019 | LIBRO | 580.12 C6 1981 | 33724000826582 | 31/12/2019 | v.1 | 31/12/2019 | Libro | ||||||
| Dewey Decimal Classification | Préstamo interno | Consulta | Biblioteca Central | Biblioteca Central | Planta alta - Coleción Consulta | 31/12/2019 | LIBRO | 580.12 C6 1981 | 33724000900775 | 31/12/2019 | v.1 c.3 | 31/12/2019 | Libro | ||||||
| Dewey Decimal Classification | Préstamo interno | Consulta | Biblioteca Central | Biblioteca Central | Planta alta - Coleción Consulta | 31/12/2019 | LIBRO | 580.12 C6 1981 | 33724000900833 | 31/12/2019 | v.1 c.2 | 31/12/2019 | Libro | ||||||
| Dewey Decimal Classification | Préstamo interno | Consulta | Biblioteca Central | Biblioteca Central | Planta alta - Coleción Consulta | 31/12/2019 | LIBRO | 580.12 C6 1981 | 33724000901427 | 31/12/2019 | v.1 c.5 | 31/12/2019 | Libro | ||||||
| Dewey Decimal Classification | Préstamo interno | Consulta | Biblioteca Central | Biblioteca Central | Planta alta - Coleción Consulta | 31/12/2019 | LIBRO | 580.12 C6 1981 | 33724002238644 | 31/12/2019 | v.1 c.7 | 31/12/2019 | Libro | ||||||
| Dewey Decimal Classification | Préstamo interno | Consulta | Biblioteca Central | Biblioteca Central | Planta alta - Coleción Consulta | 31/12/2019 | LIBRO | 580.12 C6 1981 | 33724002257983 | 31/12/2019 | v.2 c.6 | 31/12/2019 | Libro |
